Politycy - nagła śmierć - Statystyki

Ogólne statystyki
  • Ten quiz został rozwiązany 637 razy
  • Średni wynik to 12 z 14
Answers on the Grid
Answers color-coded by a green-red scale on the quiz's grid according to % correct below.
Jarosław Kaczyński
Maciej Zakościelny
Włodzimierz Szaranowicz
Grzegorz Braun
Andrzej Duda
Leszek Miller
Piotr Adamczyk
Tomasz Kammel
Stanisław Marusarz
Krzysztof Bosak
Aleksander Kwaśniewski
Jan Bednarek
Bronisław Komorowski
Julia Żugaj
Włodzimierz Czarzasty
Paulina Matysiak
Jarosław Kret
Sławomir Mentzen
Zbigniew Ziobro
Maciej Kurzajewski
Beata Tadla
Radosław Sikorski
Jakub Wesołowski
Magda Mołek
Ewa Kopacz
Wojciech Skupień
Grzegorz Schetyna
Danuta Stenka
 
Statystyki odpowiedzi
Odpowiedź % Poprawnych
Jarosław Kaczyński
98%
Grzegorz Braun
95%
Andrzej Duda
94%
Bronisław Komorowski
89%
Sławomir Mentzen
89%
Aleksander Kwaśniewski
88%
Zbigniew Ziobro
88%
Krzysztof Bosak
87%
Leszek Miller
85%
Radosław Sikorski
83%
Ewa Kopacz
80%
Włodzimierz Czarzasty
78%
Grzegorz Schetyna
75%
Paulina Matysiak
51%
Nie znaleziono quizów pasujących do podanych kryteriów
Rozkład punktacji
Procent ludzi z każdym wynikiem
Percentyl według liczby udzielonych odpowiedzi
Twoja historia wyników
Nie rozwiązałeś tego quizu